|
|
|
|
| LEADER |
00000nam0a2200000 4500 |
| 001 |
269753 |
| 005 |
20251118110430.0 |
| 035 |
|
|
|a (RuTPU)RU\TPU\book\292931
|
| 090 |
|
|
|a 269753
|
| 100 |
|
|
|a 20140922d1901 k y0rusy50 ca
|
| 101 |
0 |
|
|a rus
|
| 102 |
|
|
|a RU
|
| 105 |
|
|
|a af z 000zy
|
| 200 |
1 |
|
|a Из области катализа
|f Д. П. Турбаба
|
| 210 |
|
|
|a Томск
|c Паровая типо-лит. П. И. Макушина
|d 1901
|
| 215 |
|
|
|a 110, 16, 16, 13 с.
|c черт.
|
| 300 |
|
|
|a Текст в русской дореформенной орфографии
|
| 316 |
|
|
|5 63413507: 5885
|a Владельческий конволют
|
| 316 |
|
|
|5 63413507: 5885
|a Владельческий переплет ТТИ
|
| 423 |
|
|
|t Опыт сравнительной оценки влияния внешних сил на угон рельсов пути
|f Л. Н. Любимов
|
| 423 |
|
|
|t Обзор устройства рельсообрезочных мастерских на русских железных дорогах
|f Л. Н. Любимов
|
| 423 |
|
|
|t Отчет о заграничной командировке в 1900 году
|f В. В. Сапожников
|a Сапожников, Василий Васильевич
|
| 606 |
1 |
|
|a Катализ
|2 stltpush
|3 (RuTPU)RU\TPU\subj\69436
|9 84287
|
| 606 |
1 |
|
|a Рельсовые пути
|2 stltpush
|3 (RuTPU)RU\TPU\subj\24992
|9 49252
|
| 606 |
1 |
|
|a Дрожжи
|x Производство
|2 stltpush
|3 (RuTPU)RU\TPU\subj\33614
|9 55802
|
| 610 |
1 |
|
|a физическая химия
|
| 610 |
1 |
|
|a методы
|
| 610 |
1 |
|
|a опыты
|
| 610 |
1 |
|
|a фосфорная кислота
|
| 610 |
1 |
|
|a жидкая фаза
|
| 610 |
1 |
|
|a равновесие
|
| 610 |
1 |
|
|a растворы
|
| 610 |
1 |
|
|a соляная кислота
|
| 610 |
1 |
|
|a внешние силы
|
| 610 |
1 |
|
|a железные дороги
|
| 610 |
1 |
|
|a подвижной состав
|
| 610 |
1 |
|
|a командировки
|
| 610 |
1 |
|
|a чистые культуры
|
| 610 |
1 |
|
|a железнодорожные мастерские
|
| 610 |
1 |
|
|a устройства
|
| 610 |
1 |
|
|a резка
|
| 610 |
1 |
|
|a труды учёных ТПУ
|
| 610 |
1 |
|
|a коллекция ТПУ
|
| 675 |
|
|
|a 544.47
|v 3
|
| 675 |
|
|
|a 622.625.1
|v 3
|
| 675 |
|
|
|a 663
|v 3
|
| 700 |
|
1 |
|a Турбаба
|b Д. П.
|c российский химик
|c профессор Томского технологического института (1900-1920)
|c профессор Симферопольского университета (1923-1933)
|f 1863-1933
|g Дмитрий Петрович
|3 (RuTPU)RU\TPU\pers\19085
|
| 801 |
|
1 |
|a RU
|b 63413507
|c 20140922
|
| 801 |
|
2 |
|a RU
|b 63413507
|c 20200730
|g RCR
|
| 942 |
|
|
|c BK
|